000 nam a22 7a 4500
999 _c46481
_d46481
003 OSt
005 20190417094234.0
008 190417b xxu||||| |||| 00| 0 eng d
040 _cSERO SOFT
100 _aTRIPATHI, MADHUSUDAN
245 _aBHARAT ME UPBHOGTA SHIKSHA
260 _aDELHI
_bOMEGA
300 _a183
942 _2ddc
_c02